000 00214nam a22000857a 4500
001 1301114
005 20260429100250.0
245 _aALİ ULVİ KURUCU'NUN HATIRALARI 3
_cM.ERTUĞRUL DÜZDAĞ
260 _bKETEBE YAYINLARI
999 _c1301114
_d1301114